| 000 | 00504nam a2200193Ia 4500 | ||
|---|---|---|---|
| 008 | 151119s9999||||xx |||||||||||||| ||und|| | ||
| 082 | _a294.5 | ||
| 082 | _bGKKV12252 | ||
| 100 | _aCHINMAYA MISSION | ||
| 245 | _aQUESTIONS AND ANSWERS ON HINDU RELIGION | ||
| 260 | _a-- | ||
| 260 | _b-- | ||
| 260 | _c0 | ||
| 600 | _aCHINMAYA MISSION | ||
| 630 | _aQUESTIONS AND ANSWERS ON HINDU RELIGION | ||
| 700 | _aCHINMAYA MISSION | ||
| 730 | _aQUESTIONS AND ANSWERS ON HINDU RELIGION | ||
| 942 | _cBOOK | ||
| 999 |
_c1066127 _d1066124 |
||